| 000 | 00445nam a2200133Ia 4500 | ||
|---|---|---|---|
| 008 | 190228s9999 xx 000 0 und d | ||
| 020 | _a9780730349525 | ||
| 100 | _aEdmonds, Mike. | ||
| 245 |
_cby Mike Edmonds, Ronnie Duncan.-- _aTruth, growth, repeat : _ba business manual for generation why/ |
||
| 260 |
_aNew Jersey : _bJohn Willey & Sons _c2018 |
||
| 300 | _axx, 329 pages. | ||
| 650 | _aBranding (Marketing). | ||
| 650 | _aStrategic planning. | ||
| 999 |
_c361293 _d361293 |
||